000 00478nam a22001817a 4500
003 OSt
005 20140310181716.0
008 130122t xxu||||| |||| 00| 0 eng d
020 _a0583301282
050 _aPZ 7
_b.B661 1957
082 _aKF
_bB62m 1957
245 _aThe Mystery of the strange messages.
_cBlyton, Enid
260 _aLondon :
_bDragon Books,
_c1957.
300 _a141 p. :
_bill. ;
_c19 cm.
541 _j1
562 _e1
942 _2lcc
_cBK-KF
_kKF
999 _c1788
_d1788